People and Customs. (Record no. 2538)

MARC details
000 -LEADER
fixed length control field 00350nam a22001217a 4500
005 - DATE AND TIME OF LATEST TRANSACTION
control field 20200916160655.0
008 - FIXED-LENGTH DATA ELEMENTS--GENERAL INFORMATION
fixed length control field 200916b ||||| |||| 00| 0 eng d
020 ## - INTERNATIONAL STANDARD BOOK NUMBER
International Standard Book Number 0333252713
040 ## - CATALOGING SOURCE
Transcribing agency CML
245 ## - TITLE STATEMENT
Title People and Customs.
Statement of responsibility, etc. Clark, P.M.
260 ## - PUBLICATION, DISTRIBUTION, ETC.
Place of publication, distribution, etc. Hong Kong
Name of publisher, distributor, etc. Macmillan Publishers Ltd
Date of publication, distribution, etc. 1979
942 ## - ADDED ENTRY ELEMENTS (KOHA)
Source of classification or shelving scheme Dewey Decimal Classification
Koha item type Books
Classification part 030
Call number prefix REF
Call number suffix LOO
Holdings
Withdrawn status Lost status Source of classification or shelving scheme Damaged status Not for loan Home library Current library Date acquired Total Checkouts Full call number Date last seen Price effective from Koha item type
    Dewey Decimal Classification     Chalimbana Main Library Chalimbana Main Library 09/16/2020   GEN REF030LOO 09/16/2020 09/16/2020 Books

Powered by Koha